Kemahiran memimpin

Bibliographic Details
Main Author: Chek Mat
Format: Book
Published: Kuala Lumpur : Utusan Publications & Distributors Sdn. Bhd. , 2003
Subjects:

MARC

LEADER 00000cam a2200000 7i4500
001 0000071059
005 20030825.0
020 |a 9676114456 
090 0 0 |a 658.4092   |b CHE 
100 0 |a Chek Mat 
245 1 0 |a Kemahiran memimpin   |c Chek Mat 
260 |a Kuala Lumpur :   |b Utusan Publications & Distributors Sdn. Bhd. ,   |c 2003 
300 |a 218p. ;   |c 23cm. 
650 0 0 |a Leadership 
650 0 0 |a Management 
999 |a 00158085   |b BUKU   |c PINJAMAN   |e PERPUSTAKAAN KOMUNITI PETALING JAYA